MacMillan english dictionary: for advanced learners

Збережено в:
Бібліографічні деталі
Формат: Книга
Мова:Англійська
Опубліковано: Oxford Macmillan Education 2002
Предмети:
Теги: Додати тег
Немає тегів, Будьте першим, хто поставить тег для цього запису!

MARC

LEADER 00000nam a2200000 a 4500
001 UCM7489
003 CL-VaPUC
008 021220e20020000UK |||||||||||||||||eng|d
020 |a 033396686 
082 0 4 |a 423  |b MAC  |2 21 
245 1 0 |a MacMillan english dictionary: for advanced learners 
300 |a 1692 p 
942 |c BK 
945 |d 20021220 00:00:00  |a cmena 
260 |a Oxford  |b Macmillan Education  |c 2002 
500 |a Incluye Cd-Rom 
650 0 |a Inglés  |9 260023 
650 0 |a Diccionarios  |9 256200 
650 0 |a Lengua inglesa  |9 453712 
583 |a last modification  |c 20021220 00:00:00  |k Rodrigo Vera 
999 |c 302276  |d 302274 
952 |0 0  |1 0  |4 0  |6 423_000000000000000_MAC_2002  |7 0  |8 X  |9 362450  |a BIBEDU  |b BIBEDU  |d 2019-11-21  |i 3871789  |o 423 MAC 2002  |p 3871789  |r 2023-01-13  |w 2019-11-21  |y BK_X  |k LIT 
952 |0 0  |1 0  |4 0  |6 423_000000000000000_MAC_2002  |7 0  |8 X  |9 362451  |a BIBEDU  |b BIBEDU  |d 2019-11-21  |i 4228758  |o 423 MAC 2002  |p 4228758  |r 2023-01-13  |w 2019-11-21  |y BK_X  |k LIT 
952 |0 0  |1 0  |4 0  |6 423_000000000000000_MAC_2002  |7 0  |8 X  |9 362452  |a BIBEDU  |b BIBEDU  |d 2019-11-21  |i 4228766  |o 423 MAC 2002  |p 4228766  |r 2023-01-13  |w 2019-11-21  |y BK_X  |k LIT